A social history of the Ise shrines : divine capital /

"Traces the history of the Ise shrines from the 7th century until today, focusing on the many episodes of crisis that transformed the social landscape around the shrines"--

Dades bibliogràfiques
Autors principals: Teeuwen, Mark (Autor), Breen, John, 1956- (Autor)
Format: Llibre
Idioma:English
Publicat: London ; New York : Bloomsbury, Bloomsbury Academic, an imprint of Bloomsbury Publishing Plc, 2017.
Col·lecció:Bloomsbury Shinto studies
Matèries:
Classic Catalogue: View this record in Classic Catalogue
LEADER 02104nam a2200421 i 4500
001 45788
003 BD-DhAAL
005 20260512161444.0
008 260512t2017 nyua b 001 0 eng
010 |a  2016037789 
020 |a 9781474272797 
020 |a 9781474272810 (epdf) 
020 |a  9781474272803 
035 |a 19363961 
040 |a DLC  |b eng  |e rda  |c DLC  |d BD-DhAAL 
042 |a pcc 
043 |a a-ja--- 
050 0 0 |a BL2225.I8  |b I7975 2017 
082 0 0 |a 299.561350952181  |2 23 
100 1 |a Teeuwen, Mark,  |e author.  |9 60688 
245 1 2 |a A social history of the Ise shrines :  |b divine capital /  |c Mark Teeuwen and John Breen. 
260 |a London ;  |a New York :  |b Bloomsbury, Bloomsbury Academic, an imprint of Bloomsbury Publishing Plc,  |c 2017. 
300 |a ix, 302 pages :  |b illustrations ;  |c 24 cm 
490 1 |a Bloomsbury Shinto studies 
500 |a First published 
504 |a Includes bibliographical references and index. 
520 |a "Traces the history of the Ise shrines from the 7th century until today, focusing on the many episodes of crisis that transformed the social landscape around the shrines"-- 
526 8 |a AAL 
541 1 |a Donated by Embassy of Japan in Bangladesh, Read Japan Project 2025, The Tokyo Foundation, supported by The Nippon Foundation.  |e 45788 
610 2 0 |a Ise Daijingū  |x History.  |9 60689 
650 0 |a Religion and sociology  |z Japan  |z Ise-shi  |x History.  |9 60690 
651 0 |a Ise-shi (Japan)  |x History.  |9 60691 
700 1 |a Breen, John,  |d 1956-  |e author.  |9 60692 
830 0 |a Bloomsbury Shinto studies  |9 60693 
852 1 |a Ayesha Abed Library  |c General Stacks 
942 |2 ddc  |c BK 
999 |c 47936  |d 47936 
952 |0 0  |1 0  |2 ddc  |4 0  |6 299_561359521810000_TEE  |7 0  |9 79193  |a BRACUL  |b BRACUL  |d 2026-05-12  |e Donated by Embassy of Japan in Bangladesh, Read Japan Project 2025, The Tokyo Foundation, supported by The Nippon Foundation.  |l 0  |o 299.56135952181 TEE  |p 3010045788  |r 2026-05-12  |t 1  |w 2026-05-12  |y BK  |x Donated copy received from Embassy of Japan in Bangladesh, Read Japan Project 2025, The Tokyo Foundation, supported by The Nippon Foundation on 08 April 2026; $